[Event "Natal Magistral 4th C"]
[Site "Natal"]
[Date "2007.05.05"]
[Round "9.1"]
[White "Ferreira, Francisco Caninde"]
[Black "Gomes, Musis Ferreira dos"]
[Result "1-0"]
[WhiteElo "1681"]
[BlackElo "1978"]
[PlyCount "27"]
[EventDate "2007.04.27"]
[EventType "tourn"]
[EventRounds "11"]
[EventCountry "BRA"]
[SourceTitle "EXT 2022"]
[Source "ChessBase"]
[SourceDate "2021.10.06"]
[SourceVersion "1"]
[SourceVersionDate "2021.10.06"]
[SourceQuality "1"]

1. e4 c5 2. Nf3 a6 3. d4 cxd4 4. Nxd4 e5 5. Nf3 Nc6 6. Bd3 d5 7. exd5 Qxd5 8. 0-0 Bg4 9. Nc3 Qd7 10. Be2 Qf5 11. Nh4 Bxe2 12. Qxe2 Qf6 13. Nf3 Be7 14. Re1 1-0

[Event "Natal Magistral 4th C"]
[Site "Natal"]
[Date "2007.05.05"]
[Round "10.1"]
[White "Gomes, Musis Ferreira dos"]
[Black "Rocha, Vitor Firmo de Souz"]
[Result "0-1"]
[WhiteElo "1978"]
[BlackElo "1700"]
[PlyCount "82"]
[EventDate "2007.04.27"]
[EventType "tourn"]
[EventRounds "11"]
[EventCountry "BRA"]
[SourceTitle "EXT 2022"]
[Source "ChessBase"]
[SourceDate "2021.10.06"]
[SourceVersion "1"]
[SourceVersionDate "2021.10.06"]
[SourceQuality "1"]

1. e4 c6 2. d4 d5 3. Nc3 dxe4 4. Nxe4 Bf5 5. Ng3 Bg6 6. h4 h6 7. h5 Bh7 8. Nf3 e6 9. Bd3 Bxd3 10. Qxd3 Bd6 11. Bd2 Nd7 12. 0-0-0 Ngf6 13. Rhe1 Bxg3 14. fxg3 0-0 15. c4 b5 16. cxb5 cxb5 17. Qxb5 Rb8 18. Qd3 Qb6 19. Bc3 Rfc8 20. Re2 a5 21. Rc2 Nd5 22. g4 a4 23. g5 hxg5 24. Nxg5 f5 25. g4 Nxc3 26. bxc3 Ne5 27. dxe5 Rd8 28. Qxd8+ Rxd8 29. Rxd8+ Qxd8 30. Nxe6 Qd3 31. gxf5 Qxf5 32. Nd4 Qxe5 33. Re2 Qxh5 34. Kc2 g5 35. c4 g4 36. Kc3 g3 37. Kb4 Qg4 38. Rd2 g2 39. Ne2 Qxe2 40. Rxe2 g1Q 41. Kxa4 Qd1+ 0-1

[Event "Natal Magistral 4th C"]
[Site "Natal"]
[Date "2007.05.01"]
[Round "8.1"]
[White "Gomes, Musis Ferreira dos"]
[Black "Botta, Jose Maria"]
[Result "0-1"]
[WhiteElo "1978"]
[BlackElo "1608"]
[PlyCount "36"]
[EventDate "2007.04.27"]
[EventType "tourn"]
[EventRounds "11"]
[EventCountry "BRA"]
[SourceTitle "EXT 2022"]
[Source "ChessBase"]
[SourceDate "2021.10.06"]
[SourceVersion "1"]
[SourceVersionDate "2021.10.06"]
[SourceQuality "1"]

1. e4 d5 2. exd5 Nf6 3. Nc3 Bg4 4. Be2 Bxe2 5. Qxe2 Nxd5 6. Nf3 c6 7. 0-0 e6 8. d3 Nd7 9. Bg5 N7f6 10. a3 Bd6 11. Rad1 0-0 12. h4 h6 13. Rfe1 hxg5 14. hxg5 Nh7 15. Ne4 Bf4 16. g3 Bxg5 17. Nfxg5 Nxg5 18. Nxg5 Qxg5 0-1

[Event "Natal Magistral 4th C"]
[Site "Natal"]
[Date "2007.04.29"]
[Round "4.1"]
[White "Gomes, Musis Ferreira dos"]
[Black "Prado Oliveira, Fellipe"]
[Result "0-1"]
[WhiteElo "1978"]
[BlackElo "1881"]
[PlyCount "30"]
[EventDate "2007.04.27"]
[EventType "tourn"]
[EventRounds "11"]
[EventCountry "BRA"]
[SourceTitle "EXT 2022"]
[Source "ChessBase"]
[SourceDate "2021.10.06"]
[SourceVersion "1"]
[SourceVersionDate "2021.10.06"]
[SourceQuality "1"]

1. e3 d5 2. b3 Nf6 3. Bb2 Nbd7 4. f4 g6 5. Nf3 Bg7 6. Be2 0-0 7. 0-0 c5 8. d3 Qc7 9. Nbd2 Ng4 10. Bxg7 Nxe3 11. Qc1 Kxg7 12. Rf2 Ng4 13. Rf1 Qxf4 14. Qb2+ Kg8 15. h3 Qe3+ 0-1

[Event "Natal Magistral 4th C"]
[Site "Natal"]
[Date "2007.04.27"]
[Round "1.1"]
[White "Ribeiro, Guilherme Wanderley"]
[Black "Gomes, Musis Ferreira dos"]
[Result "1/2-1/2"]
[WhiteElo "1712"]
[BlackElo "1978"]
[PlyCount "41"]
[EventDate "2007.04.27"]
[EventType "tourn"]
[EventRounds "11"]
[EventCountry "BRA"]
[SourceTitle "EXT 2022"]
[Source "ChessBase"]
[SourceDate "2021.10.06"]
[SourceVersion "1"]
[SourceVersionDate "2021.10.06"]
[SourceQuality "1"]

1. d4 Nf6 2. Nf3 b6 3. Bf4 Bb7 4. e3 e6 5. Bd3 Be7 6. Nbd2 0-0 7. 0-0 d6 8. h3 Nbd7 9. Bh2 c5 10. c3 Rc8 11. Re1 e5 12. Bc2 e4 13. Nh4 g6 14. g3 c4 15. f3 Nh5 16. Ng2 exf3 17. Nxf3 d5 18. e4 dxe4 19. Bxe4 Bxe4 20. Rxe4 Ndf6 21. Re2 1/2-1/2